LEADER 01565nas a2200277 i 4500 001 000000171524 003 CaOOAMICUS 005 20090330000000.0 008 080502b2008 it uu u0 0mul r 013 $a148955 040 $aSeMil$bita 100 1 $aFaino, Bernardino,$d<1597-1673>.$0(OLS)http://semarc/name/64150 240 10$aCatalogi Quatuor Compendiarii Quos Coelum Sancte Brixianae Ecclesiae circumplectitur.$0(OLS)http://semarc/title/245397 245 10$a[2008 : Aprile]. 260 $aBrescia :$bAssociazione per la storia della Chiesa Bresciana,$c2008. 260 $aBrixiae :$bapud Antonium Ricciardum,$c2008. 300 $a607 p. :$b[1] p. di ritratto, ill. ;$c24 cm. 500 $aIn preliminari : A Sua Eccellenza Reverendissima Mons. Luciano Monari, Vescovo di Brescia, con animo devoto e riconoscente. - Contiene : Catalogi Quatuor Compendiarii Quos Coelum Sancte Brixianae Ecclesiae circumplectitur [ristampa anastatica dell'ed. : Brixiae : Apud Antonium Ricciardum, Superiorum Permissu, 1658]. 700 1 $aMonari, Luciano .$0(OLS)http://semarc/name/38698 774 0 $t[vedi periodico].$w()268697 850 $aSeMil 852 $aSeMil$W1$xVenegono$y1$m204 5 74$j122393$B122393$CSeMilBibl$Z2$F140575 $85 961 $aCambio: Scuola Cattolica 996 $6245$a[2008 : Aprile]$9(OLS)http://semarc/title/245396 996 $6260$aBrixiae :$bapud Antonium Ricciardum$9(OLS)http://semarc/publisher/49040 996 $6260$aBrescia :$bAssociazione per la storia della Chiesa Bresciana$9(OLS)http://semarc/publisher/35147 LEADER 00882nam a2200193 i 4500 001 000000242370 003 CaOOAMICUS 005 20150604000000.0 008 150604s1782 it u000 u ita u 013 $a221275 026 $as-he o.ro n-na nico (3) 1782 (R) 040 $aSeMil$bita 245 10$aCompendio della storia di Francia. 300 $a358, [2] p. 500 $aSegn. : A-Y8 Z4(Z4 bianca). 773 0 $aBossuet, Jacques-Bénigne $tOpere di monsignor Jacopo-Benigno Bossuet, vescovo di Meaux, consigliere del re ne' suoi consigli, ... Tomo 1. [-36.].$dIn Napoli : nella Stamperia de' Fratelli di Paci : a spese di Andrea Migliaccio,, 1777-1784.$gTomo30$w()31977 850 $aSeMil 852 $aSeMil$W1$xVenegono$y1$m3F III 60 FA$j192716$B192716$CSeMilBibl$Z2$F203520 $8I 996 $6245$aCompendio della storia di Francia$9(OLS)http://semarc/title/344156